000 00268nam a22001217a 4500
082 _a537 SMY'S
100 _aSMYTHE, W.R
_977999
245 _aSTATIC AND DYNAMIC ELECTRICITY
250 _a3RD
260 _aNEWYORK
_bMCGRAW HILL
_c1968
300 _a623P
942 _cBK
999 _c583161
_d583161